[Event "Wch U16 Girls"]
[Site "Maribor"]
[Date "2012.11.10"]
[Round "3.31"]
[White "Le Besq, Emma"]
[Black "Hakimifard, Raana"]
[Result "0-1"]
[WhiteElo "1712"]
[BlackElo "1954"]
[PlyCount "72"]
[EventDate "2012.11.08"]
[EventType "swiss"]
[EventRounds "11"]
[EventCountry "SLO"]
[SourceTitle "EXT 2013"]
[Source "ChessBase"]
[SourceDate "2012.11.22"]
[SourceVersion "1"]
[SourceVersionDate "2012.11.22"]
[SourceQuality "1"]

1. e4 e5 2. Nf3 Nc6 3. Bb5 a6 4. Ba4 Nf6 5. 0-0 Be7 6. Re1 b5 7. Bb3 0-0 8. h3 d6 9. c3 Na5 10. Bc2 c5 11. d4 Qc7 12. Nbd2 cxd4 13. cxd4 Bb7 14. Nf1 Rfe8 15. Bg5 Nc6 16. Rc1 Qd8 17. Ng3 Nd7 18. Bxe7 Nxe7 19. Bb3 h6 20. Nh4 g6 21. Re3 Nd5 22. exd5 Qxh4 23. Re4 Qd8 24. Re3 Qb6 25. dxe5 Rxe5 26. Rxe5 Nxe5 27. Ne4 Bc8 28. Qd2 Kg7 29. Ng3 Bxh3 30. Ne2 Rc8 31. Rxc8 Bxc8 32. Qc3 Qc5 33. Qg3 Bf5 34. Nc3 b4 35. Na4 Qc1+ 36. Kh2 Ng4+ 0-1

[Event "Arak op (Women) 15th"]
[Site "Arak"]
[Date "2012.07.17"]
[Round "8"]
[White "Saeidpour, Mona"]
[Black "Hakimifard, Raana"]
[Result "1/2-1/2"]
[WhiteElo "1872"]
[BlackElo "1940"]
[PlyCount "55"]
[EventDate "2012.07.13"]
[EventType "swiss"]
[EventRounds "11"]
[EventCountry "IRI"]
[SourceTitle "CBM 149 Extra"]
[Source "ChessBase"]
[SourceDate "2012.08.24"]
[SourceVersion "1"]
[SourceVersionDate "2012.08.24"]
[SourceQuality "1"]

1. d4 d5 2. c4 Nc6 3. Nc3 dxc4 4. Nf3 Nf6 5. e4 Bg4 6. Be3 e6 7. Bxc4 Bb4 8. Qc2 0-0 9. Rd1 a6 10. Be2 Re8 11. 0-0 h6 12. Ne5 Bxe2 13. Nxe2 Ne7 14. Nf4 Nc8 15. Qb3 Bf8 16. f3 Nb6 17. Ned3 Nfd7 18. Nc5 Qc8 19. Rc1 e5 20. Nxd7 Nxd7 21. Nd5 c6 22. dxe5 Qb8 23. Nb6 Nxb6 24. Bxb6 Qxe5 25. Rfd1 Bd6 26. g3 Qe7 27. Rd3 Be5 28. Qc2 1/2-1/2

[Event "Arak op (Women) 15th"]
[Site "Arak"]
[Date "2012.07.16"]
[Round "6"]
[White "Hakimifard, Raana"]
[Black "Kazemzadeh, Asal"]
[Result "1-0"]
[WhiteElo "1940"]
[BlackElo "1762"]
[PlyCount "119"]
[EventDate "2012.07.13"]
[EventType "swiss"]
[EventRounds "11"]
[EventCountry "IRI"]
[SourceTitle "CBM 149 Extra"]
[Source "ChessBase"]
[SourceDate "2012.08.24"]
[SourceVersion "1"]
[SourceVersionDate "2012.08.24"]
[SourceQuality "1"]

1. e4 Nf6 2. e5 Nd5 3. d4 c5 4. c4 Nb4 5. dxc5 Qa5 6. Nc3 d6 7. Bd2 Qxc5 8. a3 Qxe5+ 9. Be3 N4a6 10. Nf3 Qe6 11. Nd5 Qd7 12. Bd3 e6 13. Nc3 Be7 14. 0-0 0-0 15. Ng5 h6 16. Qh5 Nc5 17. Bc2 Qe8 18. Nh3 f5 19. Qe2 e5 20. Rad1 f4 21. Bxc5 dxc5 22. Qxe5 Nc6 23. Qd5+ Kh8 24. Nb5 Qf7 25. Rfe1 Rb8 26. f3 a6 27. Nd6 Qxd5 28. Rxd5 Bxd6 29. Rxd6 Nd4 30. Be4 b6 31. Nxf4 Kg8 32. Ng6 Rf6 33. Rxf6 gxf6 34. Ne7+ Kf7 35. Nxc8 Rxc8 36. Bb7 Rc7 37. Bxa6 Rd7 38. Bc8 Ra7 39. Kf2 f5 40. g4 Rc7 41. Bxf5 Nxf5 42. gxf5 Rc6 43. Re6 Rxe6 44. fxe6+ Kxe6 45. f4 Kf6 46. Kf3 Kf5 47. b4 h5 48. bxc5 bxc5 49. a4 h4 50. a5 Ke6 51. a6 Kd7 52. a7 Kc7 53. a8Q h3 54. Ke4 Kd6 55. Qd5+ Kc7 56. Qxc5+ Kb7 57. Kd5 Ka6 58. Qb5+ Ka7 59. Kc6 Ka8 60. Qb7# 1-0

[Event "Arak op (Women) 15th"]
[Site "Arak"]
[Date "2012.07.15"]
[Round "5"]
[White "Alinasab, Mobina"]
[Black "Hakimifard, Raana"]
[Result "1/2-1/2"]
[WhiteElo "1775"]
[BlackElo "1940"]
[PlyCount "64"]
[EventDate "2012.07.13"]
[EventType "swiss"]
[EventRounds "11"]
[EventCountry "IRI"]
[SourceTitle "CBM 149 Extra"]
[Source "ChessBase"]
[SourceDate "2012.08.24"]
[SourceVersion "1"]
[SourceVersionDate "2012.08.24"]
[SourceQuality "1"]

1. e4 e5 2. Nf3 Nc6 3. Bb5 f5 4. d3 fxe4 5. dxe4 Nf6 6. Nc3 Bc5 7. 0-0 d6 8. Be3 Bxe3 9. fxe3 0-0 10. Bc4+ Kh8 11. Ng5 Bg4 12. Qe1 Qe8 13. Qh4 Qh5 14. Qxh5 Bxh5 15. Ne6 Bf7 16. Bb3 Rfc8 17. Ng5 Bxb3 18. axb3 Nb4 19. Rac1 Kg8 20. Nf3 a6 21. Nd2 Rf8 22. Nf3 h6 23. h3 Rf7 24. Rf2 a5 25. Rcf1 Na6 26. Ra1 Nc5 27. Nd2 Rff8 28. Rff1 b6 29. Kh2 Rfb8 30. Nd5 Nxd5 31. exd5 Rf8 32. Kg1 Rfe8 1/2-1/2

[Event "IRI-ch (Women)"]
[Site "Tehran"]
[Date "2011.12.19"]
[Round "11"]
[White "Moradi, Kimia"]
[Black "Hakimifard, Raana"]
[Result "1/2-1/2"]
[WhiteElo "1818"]
[BlackElo "2016"]
[PlyCount "100"]
[EventDate "2011.11.12"]
[EventType "tourn"]
[EventRounds "12"]
[EventCountry "IRI"]
[SourceTitle "EXT 2024"]
[Source "ChessBase"]
[SourceDate "2023.10.10"]
[SourceVersion "1"]
[SourceVersionDate "2023.10.10"]
[SourceQuality "1"]

1. e4 e5 2. Nf3 Nc6 3. Nc3 Nf6 4. Bb5 Bb4 5. 0-0 0-0 6. d3 d6 7. Bg5 Bxc3 8. bxc3 Qe7 9. Re1 Nd8 10. d4 Ne6 11. Bc1 c6 12. Bf1 Qc7 13. g3 Re8 14. Nh4 Qa5 15. Nf5 Qxc3 16. Bd2 Qa3 17. Re3 Qa4 18. Nxd6 exd4 19. Rb3 Rf8 20. Qc1 d3 21. Bxd3 Qd4 22. Nxc8 Rfxc8 23. Bc3 Qd8 24. Bxf6 Qxf6 25. Rxb7 Nc5 26. Rb4 Nxd3 27. cxd3 Rd8 28. Rc4 Rxd3 29. Rxc6 Rd1+ 30. Qxd1 Qxc6 31. Qd4 h6 32. Rd1 a6 33. e5 Re8 34. Qd5 Qb5 35. Qxb5 axb5 36. f4 Ra8 37. Rd2 Kf8 38. Kf2 Ra3 39. f5 Ke7 40. Rb2 h5 41. h4 g6 42. fxg6 fxg6 43. Rxb5 Rxa2+ 44. Kf3 Ra3+ 45. Kf4 Ra4+ 46. Kf3 Ra3+ 47. Kg2 Ra2+ 48. Kh3 Re2 49. Rb7+ Kf8 50. Rb6 Kf7 1/2-1/2

[Event "IRI-ch (Women)"]
[Site "Tehran"]
[Date "2011.12.14"]
[Round "6"]
[White "Hakimifard, Raana"]
[Black "Derakhshani, Dorsa"]
[Result "0-1"]
[WhiteElo "2016"]
[BlackElo "1966"]
[PlyCount "56"]
[EventDate "2011.11.12"]
[EventType "tourn"]
[EventRounds "12"]
[EventCountry "IRI"]
[SourceTitle "EXT 2024"]
[Source "ChessBase"]
[SourceDate "2023.10.10"]
[SourceVersion "1"]
[SourceVersionDate "2023.10.10"]
[SourceQuality "1"]

1. d4 d5 2. c4 e6 3. Nc3 Be7 4. cxd5 exd5 5. Bf4 c6 6. e3 Bf5 7. Nge2 Bd6 8. Qb3 b6 9. Bxd6 Qxd6 10. Ng3 Bg6 11. Be2 h5 12. h4 Nf6 13. Bf3 Na6 14. 0-0 Nc7 15. Rfe1 0-0-0 16. Qa4 Kb8 17. b4 Ng4 18. Rec1 Bd3 19. Qd1 Bc4 20. Nce2 Qf6 21. a4 Qxh4 22. Kf1 Nh2+ 23. Ke1 Nxf3+ 24. gxf3 Qf6 25. b5 h4 26. Nf1 Qxf3 27. Rxc4 dxc4 28. a5 cxb5 0-1

[Event "IRI-ch (Women)"]
[Site "Tehran"]
[Date "2011.12.12"]
[Round "4"]
[White "Khademalsharieh, Sarasadat"]
[Black "Hakimifard, Raana"]
[Result "1-0"]
[WhiteElo "2215"]
[BlackElo "2016"]
[PlyCount "101"]
[EventDate "2011.11.12"]
[EventType "tourn"]
[EventRounds "12"]
[EventCountry "IRI"]
[SourceTitle "EXT 2024"]
[Source "ChessBase"]
[SourceDate "2023.10.10"]
[SourceVersion "1"]
[SourceVersionDate "2023.10.10"]
[SourceQuality "1"]

1. d4 Nf6 2. c4 e6 3. Nf3 c5 4. d5 b5 5. Bg5 exd5 6. cxd5 d6 7. e4 a6 8. a4 Be7 9. Nbd2 Nxd5 10. Nc4 bxc4 11. Qxd5 Ra7 12. Bxe7 Rxe7 13. 0-0-0 Bb7 14. Qxd6 Qxd6 15. Rxd6 0-0 16. Bxc4 Rxe4 17. b3 Rf4 18. Rd3 Nc6 19. Re1 Na5 20. Re7 h6 21. Rc7 Nxc4 22. Rxb7 Na5 23. Rc7 Rb8 24. Kc2 c4 25. bxc4 Nxc4 26. Rd4 Rxd4 27. Nxd4 Ne5 28. a5 Rb4 29. Kc3 Ra4 30. Rc5 Nd7 31. Rd5 Nf6 32. Kb3 Ra1 33. Rf5 Kf8 34. Nc6 Rd1 35. Nb4 Rd6 36. Kc4 Ke7 37. Re5+ Kd7 38. Re3 Ng4 39. Rg3 Ne5+ 40. Kc5 g5 41. Re3 f6 42. h4 Re6 43. hxg5 hxg5 44. Rh3 Nc6 45. Rh7+ Ne7 46. Nd5 Rc6+ 47. Kb4 Ke6 48. Nxe7 Rc7 49. Ng6 Rc8 50. Ra7 Rb8+ 51. Kc3 1-0

[Event "IRI-ch (Women)"]
[Site "Tehran"]
[Date "2011.12.11"]
[Round "3"]
[White "Hakimifard, Raana"]
[Black "Afshar, Niusha"]
[Result "1/2-1/2"]
[WhiteElo "2016"]
[BlackElo "1937"]
[PlyCount "92"]
[EventDate "2011.11.12"]
[EventType "tourn"]
[EventRounds "12"]
[EventCountry "IRI"]
[SourceTitle "EXT 2024"]
[Source "ChessBase"]
[SourceDate "2023.10.10"]
[SourceVersion "1"]
[SourceVersionDate "2023.10.10"]
[SourceQuality "1"]

1. d4 Nf6 2. c4 e6 3. Nc3 Bb4 4. Qc2 d5 5. cxd5 exd5 6. Bg5 h6 7. Bh4 g5 8. Bg3 Ne4 9. e3 h5 10. f3 Bxc3+ 11. bxc3 Nxg3 12. hxg3 Qd6 13. g4 h4 14. Bd3 Nc6 15. Nh3 Rg8 16. Rb1 b6 17. Kd1 Na5 18. Re1 Be6 19. Nf2 c6 20. e4 Kd8 21. e5 Qe7 22. Qa4 c5 23. Re2 c4 24. Bf5 Kc7 25. Kd2 Qd7 26. Qxd7+ Kxd7 27. Rh1 Nc6 28. Bxe6+ fxe6 29. f4 gxf4 30. Rxh4 Rh8 31. Rh3 Ne7 32. Rf3 Raf8 33. Nh3 Rh4 34. Nxf4 Rxg4 35. Nxd5 Rxf3 36. gxf3 Rg3 37. Nxe7 Kxe7 38. Ke3 Rg1 39. Rh2 a5 40. Rc2 Kd7 41. f4 b5 42. f5 exf5 43. d5 Rd1 44. Kf4 Rxd5 45. Kxf5 Rd3 46. Rh2 Rxc3 1/2-1/2